Statistics for Cleveland Cavaliers - Indiana Pacers NBA Playoffs 2017

Click here to take the quiz!

General Stats

  • This quiz has been taken 120 times
  • The average score is 10 of 21

Answer Stats

Answer% Correct
LeBron James
100%
Kyrie Irving
99%
Kevin Love
97%
Tristan Thompson
92%
J.R. Smith
89%
Paul George
77%
Myles Turner
54%
Kyle Korver
54%
Jeff Teague
48%
Thaddeus Young
44%
Iman Shumpert
40%
Deron Williams
37%
Channing Frye
37%
Richard Jefferson
32%
Lance Stephenson
27%
Monta Ellis
23%
CJ Miles
22%
Kevin Seraphin
12%
Glenn Robinson III
10%
Lavoy Allen
10%
Aaron Brooks
8%

Score Distribution

Percentile by Number Answered

Percent of People with Each Score

Your Score History

You have not taken this quiz